000 00581nam a2200229Ia 4500
003 OSt
005 20220924140547.0
006 a|||||r|||| 00| 0
007 ta
008 220923b |||||||| |||| 00| 0 ben d
024 _a295676
037 _cTextual
040 _aARTS
_cARTS
_bben
041 _2ben
_aben
082 _aO157,3N07,59, J2
100 _aSanyal Provodh kumar
_9211511
245 0 _aKalarabi
260 _c1952
650 _aBENGALI LITERATURE
942 _hO157,3N07,59, J2
_cTEXL
_2CC
999 _c444832
_d444832